000
00222nam a22000857a 4500
008
160630b xxu||||| |||| 00| 0 eng d
100
_9
1443
_a
Tayal, B.B., et al
245
_a
New Social Sciences - VII
260
_a
N.D
_b
Arya
_c
2005
999
_c
1192
_d
1192